1449 1718 1011 1700 1207 1367 1080 1775 1218 1209 1692 1683 1096 1172 1475 1608 1163 1250 1866 1808 1336 1033 1126 1997 1301 1132 1248 1468 1733 1227 1485 1132 1162 1824 1333 1099 1806 1086 1941 1276 1289 1235 1223 1883 1344 1163 1947 1477 1678 1135 1932 1680 1368 1669 1850 1551 1353 1677 1489 1533 1670 1662 1993 1725 1439 1681 1095 1107 1128 1772 1721 1116 1108 1651 1353 1431 1881 1640 1232 1543 1225 1041 1585 1785 1925 1691 1880 1720 1601 1586 1554 1977 1110 1307 1982 1013 1073 1528 1203 BCNSPRNW ULIB Ver.6.0+V

เปลี่ยนเป็นภาษาไทย

Change to English
 แสดงรายละเอียดบรรณานุกรม
  กลับหน้าหลัก

Brief Record : Get Marc (ISO 2709) : E-mail record : QR code < ปิดหน้าต่าง
LEADER : 00000nam 2200000uu 4500
001    13399127740
003     ULIB
008    210513s2556||||th 000 0 tha d
020    ู^a9786162995767
050    ^aนว^bช799จ^cล.10
100    ^aโชอู
245    ^aจอมกระบี่เทพสังหาร เล่ม 10
250    ^aพิมพ์ครั้งที่ 1
260    ^aกรุงเทพฯ :^bสยามอินเตอร์บุ๊คส์,^c2556
300    ^a252 หน้า;^b21 ซม.
650    ^aนวนิยาย
945    ^p220^l0^i008051
999    ^aประนอม เกษจรัล
รายการนี้ยังไม่มีแท็ก
คุณยังไม่ได้ล็อกอิน คุณสามารถมีกิจกรรมร่วมกับเว็บไซต์ได้ แต่ต้องล็อกอินก่อน ::
  ล็อกอิน

รายการสื่อสารสนเทศ

ลำดับที่ ประเภท เลขเรียก/บาร์โค้ด สถานที่ สถานะ
1. นวนิยาย
นวนิยาย
นว ช799จ ล.10 ฉ.1 
  Barcode: 008051
ห้องสมุดวิทยาเขตสวรรค์ประชารักษ์
►หนังสือทั่วไป
บนชั้น

รายการใกล้เคียง
    ผู้แต่ง [โชอู]

    หัวเรื่อง [นวนิยาย]

BibComment


ยังไม่เคยถูกคอมเมนท์

คอมเมนท์ทรัพยากรรายการนี้
  คอมเมนท์: จอมกระบี่เทพสังห..


 Copyright 2026. Bcnsprnw @Library